Pojem ľudské práva a základné slobody a ich historický vývoj

Analýza pojmu ľudské práva a základné slobody. Ich vývoj. Úprava ľudských práv a slobôd.

Salvato in:
Dettagli Bibliografici
Autore principale: Kozáčková, Hilda
Natura: Capitolo di libro
Lingua:slovacco
Soggetti:
Tags: Aggiungi Tag
Nessun Tag, puoi essere il primo ad aggiungerne!!

MARC

LEADER 00000naa a2200000 4500
001 0191484
005 20220714120426.0
041 0 |a slo 
044 |a CZ 
245 1 0 |a Pojem ľudské práva a základné slobody a ich historický vývoj  |c Hilda Kozáčková 
520 |a Analýza pojmu ľudské práva a základné slobody. Ich vývoj. Úprava ľudských práv a slobôd. 
610 2 0 |a práva ľudské 
610 2 0 |a ochrana ľudských práv 
610 2 0 |a sloboda 
610 2 0 |a história 
100 1 |a Kozáčková, Hilda